000 00297nam a22001337a 4500
008 170427b xxu||||| |||| 00| 0 eng d
020 _a9780136035862
041 _aeng
080 _23 ED
_a54
100 _a12
101 _aSHM
245 _aINTRODUCTORY CHEMISTRY
_cTRO.N.J
942 _2udc
_cBK
999 _c12254
_d12254